Normal view
MARC view
- الاقتصاد الاردني
Entry Topical Term
001 - CONTROL NUMBER
- control field: 52214
003 - CONTROL NUMBER IDENTIFIER
- control field: JO-AjAnu
005 - DATE AND TIME OF LATEST TRANSACTION
- control field: 20230606082602.0
008 - FIXED-LENGTH DATA ELEMENTS
- fixed length control field: 230606|| aca||aabn | a|a d
040 ## - CATALOGING SOURCE
- Original cataloging agency: JO-AjAnu
- Transcribing agency: JO-AjAnu
150 ## - HEADING--TOPICAL TERM
- Topical term or geographic name entry element: الاقتصاد الاردني
670 ## - SOURCE DATA FOUND
- Source citation: Work cat.: (JO-AjAnu)26684: المجلس الاعلى للعلوم والتكنولوجيا, author 52213, الاسبوع العلمي الاردني التاسع : التكنولوجيا الحيوية ودورها في الاقتصاد الاردني